[Event "FIDE Grand Swiss 2025"]
[Site "Samarkand UZB"]
[Date "2025.09.12"]
[Round "8.20"]
[White "Vitiugov, N."]
[Black "Maurizzi, MarcAndria"]
[Result "0-1"]
[WhiteElo "2676"]
[BlackElo "2604"]
[PlyCount "104"]
[EventDate "2025.09.04"]

1. d4 d5 2. c4 e6 3. Nf3 Nf6 4. g3 c5 5. Bg2 cxd4 6. O-O Bc5 7. Nxd4 O-O 8. cxd5 Nxd5 9. Nc3 Nxc3 10. bxc3 e5 11. Nb3 Bd6 12. Qd3 Qc7 13. Rd1 $146 ({RR} 13. Be4 f5 14. Rd1 Be7 15. Bd5+ Kh8 16. c4 Nc6 17. Bb2 Bd7 18. Qe3 f4 19. Qc3 Bf5 20. c5 Bf6 21. Qc4 e4 22. Bxf6 Rxf6 23. Bxe4 fxg3 24. hxg3 Bxe4 25. Qxe4 Raf8 26. Rf1 Qf7 27. Qg2 Re8 {Thybo,J (2578)-Stremavicius,T (2531) Batumi 2025 0-1 (46)}) 13... Be7 14. c4 Nc6 15. Bb2 Be6 16. Bd5 Rad8 17. Qe3 Qc8 18. Rac1 f6 19. Rd2 Rde8 20. Rcd1 Rf7 21. Nc5 Bxc5 22. Qxc5 Rc7 23. Qa3 b6 24. Bc3 Ne7 25. Bb4 Nxd5 26. cxd5 Bd7 27. Bd6 Rc2 28. Kf1 Bb5 29. Qb3 Rxd2 30. Rxd2 Bc4 31. Qc2 Rd8 32. Be7 Rxd5 33. Rxd5 Qh3+ 34. Ke1 Bxd5 35. Qc7 Qxh2 36. Qb8+ Kf7 37. Qxa7 Qh1+ 38. Kd2 Qb1 39. Bc5+ Kg6 40. Qxb6 Qxa2+ 41. Kd3 e4+ 42. Kc3 Qxe2 43. Be3 Qc4+ 44. Kb2 Kf5 45. Qd4 Qxd4+ 46. Bxd4 h5 47. Kc3 Kg4 48. Kd2 Kf3 49. Ke1 Bc4 50. Kd2 f5 51. Be3 f4 52. Bxf4 h4 0-1

[Event "Carlos Torre Wimbledon 21th"]
[Site "Merida"]
[Date "2008.12.18"]
[Round "2.1"]
[White "Akobian, Varuzhan"]
[Black "Shulman, Yuri"]
[Result "1-0"]
[WhiteElo "2606"]
[BlackElo "2616"]
[PlyCount "101"]
[EventDate "2008.12.17"]
[EventType "k.o."]
[EventRounds "5"]
[EventCountry "MEX"]
[SourceTitle "CBM 127 Extra"]
[Source "ChessBase"]
[SourceDate "2009.01.08"]
[SourceVersion "2"]
[SourceVersionDate "2009.01.28"]
[SourceQuality "1"]

1. d4 d5 2. c4 e6 3. Nf3 c6 4. Qc2 Nf6 5. g3 dxc4 6. Qxc4 b5 7. Qc2 Bb7 8. Bg2 Nbd7 9. a4 c5 10. O-O cxd4 11. Nxd4 Bxg2 12. Kxg2 Rc8 13. Qd3 b4 14. Nd2 Be7 15. N2b3 O-O 16. Bd2 Nc5 17. Nxc5 $146 ({RR} 17. Qf3 Nxb3 18. Nxb3 Rc2 19. Rfd1 Qd5 20. Qxd5 Nxd5 21. Nd4 Rc4 22. e3 Bf6 23. Rac1 Rfc8 24. b3 Rxc1 25. Rxc1 Rxc1 26. Bxc1 Bxd4 27. exd4 Kf8 {½-½ (27) Pruess,D (2424)-Friedel,J (2472) Miami 2007}) 17... Bxc5 18. Nb3 Qxd3 19. exd3 Nd5 20. Rfc1 Be7 21. a5 Bf6 22. d4 Rfd8 23. Kf3 Kf8 24. Ke4 Ke7 25. Rxc8 Rxc8 26. Rc1 Rxc1 27. Nxc1 Kd7 28. Kd3 Bd8 29. Nb3 Kc6 30. Kc4 Be7 31. Nc1 Bd8 32. Bxb4 Nxb4 33. Kxb4 Kd5 34. Kb5 Kxd4 35. b4 Kc3 36. Na2+ Kb3 37. Ka6 Bf6 38. Kxa7 Bd4+ 39. Kb7 Bxf2 40. a6 Ka4 41. Kc6 e5 42. b5 Ka5 43. Nc1 e4 44. Nb3+ Kb4 45. b6 Kxb3 46. a7 e3 47. b7 e2 48. b8=Q+ Kc2 49. a8=Q e1=Q 50. Qa2+ Kd3 51. Qbb1+ 1-0

[Event "ESP-chT CECLUB Honor"]
[Site "Linares"]
[Date "2020.09.24"]
[Round "2.3"]
[White "Kuzubov, Yuriy"]
[Black "Vallejo Pons, Francisco"]
[Result "1-0"]
[WhiteElo "2643"]
[BlackElo "2710"]
[PlyCount "101"]
[EventDate "2020.09.23"]
[EventType "team-tourn"]
[EventRounds "7"]
[EventCountry "ESP"]
[SourceTitle "CBM 198 Extra"]
[Source "ChessBase"]
[SourceDate "2020.11.30"]
[SourceVersion "1"]
[SourceVersionDate "2020.11.30"]
[SourceQuality "1"]
[WhiteTeam "Jaime Casas"]
[BlackTeam "Paterna Andreu"]
[WhiteTeamCountry "ESP"]
[BlackTeamCountry "ESP"]

1. c4 e6 2. d4 d5 3. Nf3 a6 4. c5 Nf6 5. Nc3 Nc6 6. Bf4 Nh5 7. Bg5 Be7 8. Bxe7 Qxe7 9. e3 Nf6 10. Be2 O-O 11. O-O Rd8 12. Rc1 $146 ({RR} 12. a3 e5 13. b4 Bf5 14. Qb3 exd4 15. exd4 Be4 16. Rad1 Qe6 17. Ng5 Qf5 18. Ngxe4 dxe4 19. d5 Ne5 20. h3 Nf3+ 21. Kh1 Qf4 22. gxf3 exf3 23. Bd3 Qh4 24. Bf5 g6 25. Qc2 Qh5 26. Rg1 Kf8 {Ohanyan,E (2516)-Svane,R (2624) chess.com INT 2026 1-0 (69)}) 12... e5 13. Nxe5 Nxe5 14. dxe5 Qxe5 15. Qd4 Qe7 16. Bd3 c6 17. b4 g6 18. Rfe1 Be6 19. Qh4 Re8 20. Ne2 Nh5 21. Qxe7 Rxe7 22. Nd4 Ng7 23. f3 Bf5 24. Bf1 Bd7 25. Kf2 Nf5 26. Bd3 Nxd4 27. exd4 Kf8 28. Rc3 h6 29. Bc2 Rae8 30. Rxe7 Rxe7 31. Re3 g5 32. f4 f6 33. Bg6 Bg4 34. h3 Bd7 35. f5 Rxe3 36. Kxe3 h5 37. g3 Be8 38. Bxe8 Kxe8 39. Kd3 Kd7 40. Kc3 Kc7 41. Kb3 a5 42. Ka4 axb4 43. Kxb4 Kb8 44. Ka5 Kc7 45. a3 h4 46. g4 Kb8 47. Kb6 Kc8 48. Ka7 Kc7 49. a4 Kc8 50. a5 Kc7 51. a6 1-0

[Event "Titled Tue 7th Mar Late"]
[Site "chess.com INT"]
[Date "2023.03.07"]
[Round "9"]
[White "Indjic, A."]
[Black "Andreikin, D."]
[Result "0-1"]
[WhiteElo "2636"]
[BlackElo "2729"]
[PlyCount "102"]
[EventDate "2023.03.07"]

1. d4 d5 2. c4 c6 3. Nf3 Nf6 4. Nc3 e6 5. Bg5 h6 6. Bxf6 Qxf6 7. Qb3 dxc4 8. Qxc4 Nd7 9. g3 e5 10. dxe5 Nxe5 11. Qe4 Bd6 12. O-O-O Bc7 13. Nxe5 Qxe5 14. f4 $146 ({RR} 14. Bg2 Be6 15. Qb4 Ba5 16. Qd4 Qxd4 17. Rxd4 Bb6 18. Rb4 O-O-O 19. e3 Rd7 20. Rd1 Rhd8 21. Rxd7 Rxd7 22. Kc2 Ba5 23. Ra4 Bxc3 24. Kxc3 a6 25. a3 Kc7 26. Rd4 Rxd4 27. Kxd4 Kd6 28. b4 b6 {Navarovszky,L-Dely,P Budapest 1963 ½-½}) 14... Qxe4 15. Nxe4 Ke7 16. Bg2 Bf5 17. Nc3 g5 18. e3 Rae8 19. Rhe1 h5 20. Ne4 g4 21. Nc5 Bc8 22. b4 h4 23. Rd2 Rd8 24. Red1 Rxd2 25. Rxd2 a5 26. a3 axb4 27. axb4 Bd6 28. Kc2 Bxc5 29. bxc5 hxg3 30. hxg3 Rh5 31. Bf1 Rxc5+ 32. Kb2 Bf5 33. Be2 b5 34. Bd1 Be6 35. Rd3 f5 36. Ra3 Rd5 37. Kc1 Kd6 38. Bc2 b4 39. Ra4 b3 40. Bb1 Rb5 41. Kb2 Rb8 42. Rd4+ Kc5 43. Kc3 b2 44. Kc2 Rb3 45. Kd2 Bd5 46. Rd3 Rxd3+ 47. Bxd3 Ba2 48. Bxf5 b1=Q 49. Bxb1 Bxb1 50. e4 Bxe4 51. Kc3 Bf5 0-1

[Event "28th Sigeman & Co TB1"]
[Site "Malmo SWE"]
[Date "2024.05.03"]
[Round "3"]
[White "Erigaisi, Arjun"]
[Black "Svidler, P."]
[Result "1-0"]
[WhiteElo "2756"]
[BlackElo "2689"]
[PlyCount "99"]
[EventDate "2024.05.03"]

1. d4 d5 2. c4 e6 3. Nf3 a6 4. cxd5 exd5 5. Nc3 h6 6. Bf4 Nf6 7. e3 Bd6 8. Bxd6 Qxd6 9. Bd3 O-O 10. h3 Nc6 11. O-O Ne7 12. Qc2 g6 13. Rac1 Bf5 14. Ne5 c5 $146 ({RR} 14... Bxd3 15. Nxd3 Nf5 16. Na4 c6 17. Qc5 Qc7 18. Qb6 Qe7 19. Nac5 Nd6 20. b3 a5 21. Na4 Nfe4 22. Ndc5 Rfb8 23. Nxe4 Nxe4 24. Nc5 Nd6 25. Na4 Ne4 26. Nc5 Nf6 27. b4 axb4 28. Rc2 Kg7 29. Qxb4 {Golubovic,B (2322)-Aimdilokwong,A (2047) chess.com INT 2026 0-1 (120)}) 15. Rfd1 Rac8 16. Qd2 Bxd3 17. Qxd3 c4 18. Qe2 b5 19. a3 Qe6 20. f3 Rb8 21. e4 Rfd8 22. Qe3 Kg7 23. Ne2 Qd6 24. g4 a5 25. h4 b4 26. axb4 Rxb4 27. Rd2 Rdb8 28. Qxh6+ Kxh6 29. Nxf7+ Kg7 30. Nxd6 Rxb2 31. Rcc2 R2b3 32. e5 Nd7 33. f4 a4 34. f5 a3 35. Ra2 Rb2 36. Kf2 Rxd2 37. Rxd2 Nc6 38. Nc3 Rb3 39. Nxd5 c3 40. f6+ Kf8 41. Nxc3 Rxc3 42. g5 Rb3 43. Rd1 a2 44. Ra1 Ra3 45. e6 Nb6 46. h5 gxh5 47. g6 Nd5 48. g7+ Kg8 49. f7+ Kxg7 50. Rg1+ 1-0

[Event "Airthings Masters Play-In"]
[Site "chess.com INT"]
[Date "2023.02.03"]
[Round "4"]
[White "Tomashevsky, E."]
[Black "Fier, A."]
[Result "1/2-1/2"]
[WhiteElo "2694"]
[BlackElo "2606"]
[PlyCount "99"]
[EventDate "2023.02.03"]

1. d4 d5 2. c4 e6 3. Nf3 c6 4. e3 f5 5. Bd3 Nf6 6. O-O Bd6 7. b3 Qe7 8. a4 a5 9. Ba3 Bxa3 10. Nxa3 O-O 11. Qc1 b6 12. Qb2 Bb7 13. cxd5 Nxd5 14. Ne5 Na6 15. Bxa6 $146 ({RR} 15. Rac1 c5 16. Bxa6 Bxa6 17. Rfd1 cxd4 18. Nc6 Qg5 19. Nxd4 Qg6 20. Nc6 Rae8 21. Nc4 f4 22. N6e5 Qg5 23. Nf3 Qg6 24. e4 Bxc4 25. Rxc4 Nb4 26. Qd4 Rb8 27. Rc7 Na6 28. Re7 Nc5 29. h4 Nxb3 {Szotkowski,J (2356)-Kulon,K (2240) Pardubice 2015 1-0 (71)}) 15... Rxa6 16. Rac1 c5 17. dxc5 bxc5 18. Nac4 Raa8 19. f3 Rfd8 20. Rfe1 Nb4 21. Rcd1 Bd5 22. Qc3 Na2 23. Qc2 Nb4 24. Qe2 Qf6 25. h3 Bxc4 26. Nxc4 Qc3 27. Rxd8+ Rxd8 28. Rd1 Rd3 29. Rxd3 Nxd3 30. Qd2 Qxb3 31. Nxa5 Qxa4 32. Qxd3 Qxa5 33. Qd7 Qa1+ 34. Kh2 Qf6 35. Qe8+ Qf8 36. Qxe6+ Kh8 37. Qc6 h6 38. h4 Qd8 39. Kh3 Qf8 40. h5 Qf7 41. g4 fxg4+ 42. Kxg4 c4 43. f4 Qa7 44. Kf3 Qa2 45. f5 Qc2 46. Qe8+ Kh7 47. Qg6+ Kh8 48. Qe8+ Kh7 49. Qg6+ Kh8 50. Qe8+ 1/2-1/2

[Event "Pamplona"]
[Site "Pamplona"]
[Date "2007.12.25"]
[Round "4"]
[White "Wang, Yue"]
[Black "Beliavsky, Alexander G"]
[Result "1/2-1/2"]
[WhiteElo "2703"]
[BlackElo "2646"]
[PlyCount "100"]
[EventDate "2007.12.22"]
[EventType "tourn"]
[EventRounds "7"]
[EventCountry "ESP"]
[EventCategory "17"]
[SourceTitle "CBM 122"]
[Source "ChessBase"]
[SourceDate "2008.01.30"]
[SourceVersion "1"]
[SourceVersionDate "2008.01.30"]
[SourceQuality "1"]

1. d4 d5 2. c4 c6 3. Nf3 Nf6 4. e3 e6 5. b3 Bb4+ 6. Nbd2 c5 7. Bb2 cxd4 8. exd4 b6 9. Bd3 Bb7 10. O-O Nbd7 11. a3 Be7 12. Qe2 O-O 13. Rad1 Qc7 $146 ({RR} 13... Rc8 14. Ne5 Qc7 15. f4 g6 16. Ndf3 Nh5 17. Bc1 Ng7 18. Ng5 dxc4 19. Bxc4 Bxg5 20. Nxd7 Qxd7 21. fxg5 Bd5 22. Bf4 Bxc4 23. bxc4 Qa4 24. Be5 Qxa3 25. Rd3 Qe7 26. Bf6 Qb4 27. Qf3 Rxc4 28. Qh3 {Argandona Riveiro,I (2434)-Sadykov,R (2351) Bilbao 2014 0-1 (68)}) 14. Rc1 Qf4 15. Qe3 Qxe3 16. fxe3 Rac8 17. Kf2 Bd6 18. Ke2 Rfe8 19. b4 e5 20. Bf5 exd4 21. Bxd4 Rc7 22. cxd5 Bxd5 23. Rxc7 Bxc7 24. Rc1 Bb8 25. g4 h6 26. h3 Bb7 27. Kf2 Rd8 28. g5 hxg5 29. Nxg5 Ne5 30. Ngf3 Nxf3 31. Nxf3 Ne4+ 32. Bxe4 Bxe4 33. Rg1 g6 34. Rc1 f6 35. Nd2 Bb7 36. a4 Bd6 37. b5 Kf7 38. Nc4 Be7 39. a5 Rd5 40. axb6 axb6 41. Nxb6 Rf5+ 42. Ke2 Bf3+ 43. Kd3 Rxb5 44. e4 Rb3+ 45. Rc3 Rxc3+ 46. Bxc3 g5 47. Nd5 Bd8 48. Ne3 Kg6 49. Be1 Bb6 50. Bg3 Bxe3 1/2-1/2

[Event "FIDE World Cup"]
[Site "Khanty-Mansiysk"]
[Date "2019.09.12"]
[Round "1.4"]
[White "Ganguly, Surya Shekhar"]
[Black "Fedoseev, Vladimir1"]
[Result "1/2-1/2"]
[WhiteElo "2658"]
[BlackElo "2664"]
[PlyCount "100"]
[EventDate "2019.09.10"]
[EventType "k.o."]
[EventRounds "7"]
[EventCountry "RUS"]
[SourceTitle "CBM 192"]
[Source "ChessBase"]
[SourceDate "2019.10.31"]
[SourceVersion "1"]
[SourceVersionDate "2019.10.31"]
[SourceQuality "1"]

1. c4 c6 2. Nc3 d5 3. e3 Nf6 4. Nf3 Nbd7 5. d4 e6 6. Bd3 Be7 7. O-O b6 8. e4 dxe4 9. Nxe4 Bb7 10. Qe2 Nxe4 11. Bxe4 Nf6 12. Bc2 O-O 13. Rd1 Qc7 14. Ne5 c5 15. Bf4 Bd6 16. dxc5 Bxc5 17. Bg3 $146 ({RR} 17. Bg5 Rfd8 18. Kh1 h6 19. Bh4 Kf8 20. Ba4 Bd4 21. Bg3 Qc5 22. f3 Nh5 23. Rxd4 Nxg3+ 24. hxg3 Rxd4 25. Nd7+ Rxd7 26. Bxd7 Rd8 27. Rd1 g6 28. Ba4 Rd4 29. Rxd4 Qxd4 30. b4 Qc3 31. Bb3 h5 {Rubin,M-Rossetto,H (2405) Buenos Aires 1978 0-1 (42)}) 17... Rfd8 18. Nd7 Qc6 19. Nxf6+ gxf6 20. Qg4+ Kf8 21. Bh4 Rd4 22. Rxd4 Bxd4 23. Bxh7 Ke7 24. Rd1 Bxb2 25. f3 Qc5+ 26. Kh1 Rc8 27. Qf4 Be5 28. Qd2 Bc6 29. f4 Qxc4 30. fxe5 Qxh4 31. Qd6+ Ke8 32. exf6 Qxf6 33. Be4 Bb5 34. Qg3 Kf8 35. h3 Rc5 36. Qb8+ Kg7 37. Qxa7 Be2 38. Rb1 Qf4 39. Ba8 Rc1+ 40. Rxc1 Qxc1+ 41. Kh2 Qf4+ 42. Kh1 b5 43. Qa3 Bc4 44. Qc3+ e5 45. a3 Kf6 46. Bc6 Qd4 47. Qf3+ Ke7 48. Be4 Be6 49. Kh2 Qd6 50. Qg3 Qd4 1/2-1/2

[Event "Titled Tue 28th Mar Early"]
[Site "chess.com INT"]
[Date "2023.03.28"]
[Round "7"]
[White "Andreikin, D."]
[Black "Deac, Bogdan-Daniel"]
[Result "0-1"]
[WhiteElo "2729"]
[BlackElo "2700"]
[PlyCount "98"]
[EventDate "2023.03.28"]

1. Nf3 d5 2. e3 Nf6 3. c4 e6 4. d4 a6 5. b3 c5 6. Bb2 cxd4 7. exd4 Nc6 8. Nbd2 g6 9. Rc1 Bg7 10. Be2 O-O 11. O-O dxc4 12. Nxc4 b5 $146 ({RR} 12... Nd5 13. Qd2 Qf6 14. Nce5 Nxe5 15. dxe5 Qf4 16. g3 Qxd2 17. Nxd2 Bd7 18. Nc4 Rfd8 19. Bf3 Bh6 20. Rcd1 Bc6 21. Rfe1 Nb4 22. Bxc6 bxc6 23. a3 Nd3 24. Re2 Rab8 25. Na5 Rbc8 26. Nc4 Rb8 27. Na5 {Manush,S (2352)-Nguyen,V (2454) Ahmedabad 2019 1-0 (50)}) 13. Nfe5 Bb7 14. Bf3 Nxe5 15. dxe5 Qxd1 16. Rfxd1 Bxf3 17. gxf3 Nd5 18. Ne3 Nf4 19. Kf1 Rfd8 20. Bd4 h5 21. Ng2 Nd5 22. Ne3 Nf4 23. Ng2 Nd5 24. Ne3 Bh6 25. Bc5 Rac8 26. b4 Bxe3 27. Bxe3 Nxe3+ 28. fxe3 Rxc1 29. Rxc1 Rd2 30. a3 Ra2 31. Rc6 Rxa3 32. Kf2 Ra4 33. f4 Kg7 34. h4 Rxb4 35. Rxa6 Rb2+ 36. Kf3 b4 37. Rb6 Rb1 38. Rb8 b3 39. Kg2 b2 40. Rb7 Kf8 41. Kh2 Ke8 42. Kg2 Kd8 43. Kh2 Kc8 44. Rb3 Kc7 45. Kg2 Kc6 46. Kh2 Kc5 47. Rb7 Kc4 48. Kg2 Kd3 49. Rb3+ Kc2 0-1

[Event "RUS-chT 14th"]
[Site "Sochi"]
[Date "2007.05.07"]
[Round "6"]
[White "Tregubov, Pavel V"]
[Black "Kobalia, Mihail"]
[Result "1/2-1/2"]
[WhiteElo "2615"]
[BlackElo "2639"]
[PlyCount "98"]
[EventDate "2007.05.02"]
[EventType "team-tourn"]
[EventRounds "9"]
[EventCountry "RUS"]
[SourceTitle "EXT 2020"]
[Source "ChessBase"]
[SourceDate "2019.10.17"]
[SourceVersion "1"]
[SourceVersionDate "2019.10.17"]
[SourceQuality "1"]
[WhiteTeam "Buryatia Shatar"]
[BlackTeam "Saransk TPS"]
[WhiteTeamCountry "RUS"]
[BlackTeamCountry "RUS"]

1. d4 d5 2. c4 c6 3. Nf3 Nf6 4. e3 e6 5. Nbd2 Nbd7 6. Bd3 Bd6 7. O-O O-O 8. e4 e5 9. cxd5 cxd5 10. exd5 exd4 11. Ne4 Nxe4 12. Bxe4 Nf6 13. Bc2 Bg4 14. Bg5 h6 15. Bh4 g5 16. Bg3 Bxg3 17. fxg3 Qxd5 18. Bb3 Qd6 19. Qd3 Nd7 $146 ({RR} 19... Kg7 20. Nxd4 Rad8 21. Nf5+ Bxf5 22. Qxf5 Qd4+ 23. Kh1 Qxb2 24. Rac1 Qd4 25. Rc7 Rd7 26. Rxd7 {1-0 (26) Savchenko,S (2560)-Arun Prasad,S (2465) Metz 2008}) 20. Bc2 Qg6 21. Qxg6+ fxg6 22. Nxd4 Ne5 23. Rfe1 Rad8 24. Re4 Kg7 25. Bb3 h5 26. Rc1 Kh6 27. h3 Nd3 28. Rc7 Rd7 29. Re7 Rxc7 30. Rxc7 Rc8 31. Rf7 Rc1+ 32. Kh2 Bc8 33. Be6 Ne5 34. Rf8 Bd7 35. Bxd7 Nxd7 36. Rf7 Nc5 37. b4 Rc4 38. bxc5 Rxd4 39. Rxb7 Ra4 40. c6 Rxa2 41. c7 Rc2 42. Rxa7 g4 43. Kg1 gxh3 44. gxh3 Kg5 45. Kf1 h4 46. g4 Kf4 47. Ke1 Ke3 48. Kd1 Rc6 49. Rb7 Ke4 1/2-1/2

[Event "POL-ch Lotto 79th"]
[Site "Kruszwica"]
[Date "2022.05.14"]
[Round "3.5"]
[White "Wojtaszek, Radoslaw"]
[Black "Moranda, Wojciech"]
[Result "1/2-1/2"]
[WhiteElo "2696"]
[BlackElo "2630"]
[PlyCount "94"]
[EventDate "2022.05.09"]
[EventType "k.o."]
[EventRounds "4"]
[EventCountry "POL"]
[SourceTitle "CBM 208 Extra"]
[Source "ChessBase"]
[SourceDate "2022.07.31"]
[SourceVersion "1"]
[SourceVersionDate "2022.07.31"]
[SourceQuality "1"]

1. c4 Nf6 2. Nf3 e6 3. d4 d5 4. Bg5 dxc4 5. Qa4+ Nbd7 6. Qxc4 c5 7. Nbd2 a6 8. e3 b5 9. Qc2 Bb7 10. dxc5 Bxc5 11. Bd3 $146 ({RR} 11. Rd1 Rc8 12. Qb1 h6 13. Bxf6 Qxf6 14. Bd3 Ne5 15. Nxe5 Qxe5 16. O-O Rd8 17. Be4 Bxe4 18. Nxe4 O-O 19. g3 Be7 20. Nc3 Bf6 21. Rxd8 Rxd8 22. Rd1 Rxd1+ 23. Qxd1 Qc7 24. Qb3 Qc5 25. a4 b4 {Rakhmanov,A (2591)-Sjugirov,S (2610) Moscow 2010 0-1 (33)}) 11... Rc8 12. Qb1 h6 13. Bh4 O-O 14. O-O Qb6 15. a4 Rfd8 16. Rd1 Be7 17. axb5 axb5 18. Nd4 Nf8 19. Bf1 Rd5 20. N2b3 Ng6 21. Bg3 Nh5 22. Qa2 Nxg3 23. hxg3 Ra8 24. Qb1 Rad8 25. Rc1 Ne5 26. Qc2 Rc8 27. Qxc8+ Bxc8 28. Rxc8+ Rd8 29. Rxd8+ Bxd8 30. Bxb5 Qd6 31. Ra6 Qb4 32. Ra1 Bb6 33. Bf1 Bxd4 34. Nxd4 Qxb2 35. Rd1 g6 36. Be2 Qc3 37. Kf1 Kg7 38. Nf3 Nc6 39. Nd4 Nb4 40. Nf3 Nd5 41. Nd4 Qb2 42. Bf3 Nc3 43. Re1 e5 44. Ne2 e4 45. Bg4 f5 46. Nxc3 Qxc3 47. Be2 h5 1/2-1/2

[Event "Titled Tue 28th Nov Late"]
[Site "chess.com INT"]
[Date "2023.11.28"]
[Round "8"]
[White "Andreikin, D."]
[Black "Tari, A."]
[Result "1-0"]
[WhiteElo "2729"]
[BlackElo "2620"]
[PlyCount "93"]
[EventDate "2023.11.28"]

1. d4 d5 2. c4 e6 3. Nf3 Nf6 4. Bg5 dxc4 5. e4 c5 6. Nc3 cxd4 7. Qxd4 Qxd4 8. Nxd4 a6 9. Bxc4 b5 10. Be2 Nbd7 11. f3 Bb7 12. Nb3 Rc8 13. Kf2 Bb4 $146 ({RR} 13... h6 14. Be3 g5 15. Na5 Ba8 16. a4 Bb4 17. axb5 Bxc3 18. bxc3 axb5 19. Rhc1 Ke7 20. Bxb5 Rc7 21. c4 Rhc8 22. Bd4 Ne8 23. Nb3 Nd6 24. Bxd7 Rxd7 25. Bc5 Ke8 26. Bxd6 Rxd6 27. Ra7 Rd3 28. Na5 {Andreikin,D (2729)-Lobanov,S (2520) chess.com INT 2023 1-0 (35)}) 14. a4 Nc5 15. Nxc5 Bxc5+ 16. Be3 b4 17. Na2 a5 18. Nc1 Bxe3+ 19. Kxe3 Ke7 20. Nb3 Ra8 21. Rhc1 Rhc8 22. Bb5 Ne8 23. Rxc8 Bxc8 24. Rc1 Nd6 25. Bc6 Ra7 26. Rc5 Ba6 27. Nxa5 Rc7 28. Kd4 f6 29. Bb5 e5+ 30. Kd5 Bb7+ 31. Nxb7 Rxb7 32. Bd3 b3 33. a5 Nf7 34. a6 Rd7+ 35. Kc4 Nd8 36. Kc3 Ne6 37. Ra5 Ra7 38. Kxb3 Nd4+ 39. Kc3 Rc7+ 40. Bc4 Nc6 41. Rc5 Kd6 42. b4 Ra7 43. Bb5 Nd4 44. Kc4 Ra8 45. Rd5+ Kc7 46. Rd7+ Kb6 47. Rb7# 1-0

[Event "FIDE World Cup 2023"]
[Site "Baku AZE"]
[Date "2023.08.03"]
[Round "2.2"]
[White "Iturrizaga Bonelli, Eduardo"]
[Black "Korobov, A."]
[Result "1-0"]
[WhiteElo "2617"]
[BlackElo "2667"]
[PlyCount "93"]
[EventDate "2023.07.30"]
[EventType "k.o."]

1. c4 e6 2. g3 d5 3. Bg2 Nf6 4. Nf3 dxc4 5. Qa4+ c6 6. Qxc4 b5 7. Qb3 Bb7 8. d4 Nbd7 9. Ne5 Nxe5 10. dxe5 Nd5 11. Nc3 a6 12. O-O Be7 13. Nxd5 cxd5 14. Be3 O-O 15. Rfc1 Rc8 16. Bd4 $146 ({RR} 16. Rxc8 Qxc8 17. Rc1 Qd7 18. Bd4 Rc8 19. Qd1 Rc4 20. b3 Rc7 21. Qd2 b4 22. e3 Rxc1+ 23. Qxc1 Qc6 24. Qd2 a5 25. Bf1 Ba6 26. Bxa6 Qxa6 27. Qc2 Qb7 28. g4 g6 29. f4 h6 30. Kg2 Qb5 {Pigusov,E (2555)-Bukreev,S (2333) Moscow RUS 2025 ½-½ (41)}) 16... Qa5 17. e3 Rxc1+ 18. Rxc1 Rc8 19. Ra1 Bc6 20. Bf1 Bd7 21. Qd3 Qc7 22. h4 a5 23. a3 Qb7 24. Qd1 a4 25. Bd3 Rc7 26. h5 h6 27. Kg2 Kf8 28. Bb1 Bc5 29. Qd3 Bxd4 30. exd4 b4 31. Qh7 bxa3 32. Rxa3 Qxb2 33. Rf3 Be8 34. Bg6 a3 35. Qh8+ Ke7 36. Qxg7 Kd8 37. Qf8 fxg6 38. Rxa3 Qb7 39. hxg6 Re7 40. Qf6 Kd7 41. g7 Bf7 42. Qxf7 Rxf7 43. g8=Q Rxf2+ 44. Kh3 Ke7 45. Ra8 Qd7 46. Qg7+ Rf7 47. Qxh6 1-0

[Event "Chess.com Speed KO Lose"]
[Site "chess.com INT"]
[Date "2024.06.28"]
[Round "1.2"]
[White "Dubov, Daniil"]
[Black "Bluebaum, M."]
[Result "0-1"]
[WhiteElo "2701"]
[BlackElo "2647"]
[PlyCount "92"]
[EventDate "2024.06.28"]
[EventType "k.o."]

1. d4 d5 2. c4 e6 3. Nf3 Nf6 4. Bg5 h6 5. Bxf6 Qxf6 6. e3 Bb4+ 7. Nbd2 O-O 8. Rc1 c5 9. a3 Bxd2+ 10. Qxd2 cxd4 11. Qxd4 Qxd4 12. Nxd4 dxc4 13. Bxc4 Bd7 14. f4 $146 ({RR} 14. Be2 Nc6 15. Nb3 b6 16. O-O Rfd8 17. Ba6 Rab8 18. Rfd1 Be8 19. f4 Rxd1+ 20. Rxd1 Kf8 21. Kf2 {½-½ (21) Swayams,M (2426)-Sanikidze,T (2541) Gurgaon 2014}) 14... Nc6 15. Bb5 Nxd4 16. Bxd7 Nf5 17. Ke2 Rfd8 18. Rc7 Rab8 19. Rd1 Kf8 20. e4 Ne7 21. b4 a6 22. h4 Ng8 23. e5 Ne7 24. Ke3 Nf5+ 25. Ke4 h5 26. a4 Nxh4 27. Rd6 b6 28. b5 axb5 29. Bxb5 Nf5 30. Rdd7 Rxd7 31. Bxd7 g6 32. Kf3 Ne7 33. g4 h4 34. Ra7 Nd5 35. f5 gxf5 36. gxf5 exf5 37. Bxf5 Re8 38. Ke4 Ne7 39. Bd7 Rb8 40. Kf4 Ng6+ 41. Ke4 Rd8 42. Bf5 Ne7 43. Bd7 Rb8 44. Kf4 Rd8 45. Kg5 h3 46. Bxh3 Nc6 0-1

[Event "Armageddon Asia&Oceania W"]
[Site "Berlin GER"]
[Date "2023.04.06"]
[Round "2.2"]
[White "Gukesh, D."]
[Black "Abdusattorov, Nodirbek"]
[Result "1/2-1/2"]
[WhiteElo "2730"]
[BlackElo "2731"]
[PlyCount "91"]
[EventDate "2023.04.04"]
[EventType "k.o."]

1. Nf3 d5 2. g3 c5 3. Bg2 Nf6 4. O-O e6 5. c4 Nc6 6. cxd5 exd5 7. d4 Be7 8. dxc5 Bxc5 9. a3 O-O 10. b4 Bb6 11. Bb2 Re8 12. Nc3 Bg4 13. Na4 Qe7 14. Nxb6 axb6 15. Re1 Rad8 16. h3 Bh5 $146 ({RR} 16... Be6 17. Rc1 Ne4 18. Bd4 b5 19. Qd3 Ra8 20. Bc5 Qd7 21. Kh2 Bf5 22. Qxb5 Rxa3 23. Nd4 Nc3 24. Rxc3 Rxc3 25. Nxf5 Qxf5 26. Qxb7 Qe6 27. Rd1 Rb8 28. Qc7 Rc8 29. Qf4 d4 30. Bxc6 Qxc6 31. Qxd4 {Veingold,A (2475)-Silva,R Oviedo 1993 1-0 (31)}) 17. Nd4 Ne5 18. Qb3 Bg6 19. Nb5 Be4 20. Bxe5 Qxe5 21. Rac1 Bxg2 22. Kxg2 h5 23. Qf3 h4 24. g4 d4 25. a4 Nd5 26. Kg1 Re7 27. Rcd1 Nxb4 28. Qb3 Nc6 29. e3 dxe3 30. Rxd8+ Nxd8 31. Rxe3 Qa1+ 32. Kg2 Ne6 33. Qc4 Qf6 34. Rf3 Qe5 35. Rf5 Qb8 36. Nc3 Rc7 37. Qd3 Rc5 38. Nd5 g6 39. Rf3 Qe5 40. Nf6+ Kg7 41. Ne8+ Kf8 42. Nf6 Kg7 43. Ne8+ Kf8 44. Nf6 Kg7 45. Ne8+ Kf8 46. Nf6 1/2-1/2

[Event "Clash of Claims 2024"]
[Site "Madrid ESP"]
[Date "2024.06.08"]
[Round "14"]
[White "Kramnik, V."]
[Black "Martinez Alcantara, Jose Eduardo"]
[Result "1-0"]
[WhiteElo "2753"]
[BlackElo "2612"]
[PlyCount "90"]
[EventDate "2024.06.07"]

1. d4 d5 2. c4 e6 3. Nf3 Nf6 4. g3 Bb4+ 5. Bd2 Be7 6. Bg2 O-O 7. Qc2 Nbd7 8. O-O Ne4 9. Nc3 Nxd2 10. Nxd2 c6 11. e4 dxc4 12. Nxc4 Nb6 13. Nxb6 Qxb6 14. Rad1 Rd8 $146 ({RR} 14... e5 15. d5 Bg4 16. Rd2 Rad8 17. h3 Bh5 18. Kh1 Bb4 19. a3 Bxc3 20. Qxc3 cxd5 21. Qxe5 Bg6 22. exd5 Rfe8 23. Qc3 h5 24. b4 Be4 25. Bxe4 Rxe4 26. Rfd1 Qd6 27. Qf3 Re5 28. Kg2 g6 29. Rd4 {Kalavannan,K (2324)-Pert,R (2416) Chess.com INT 2020 ½-½ (53)}) 15. Na4 Qa5 16. e5 Bd7 17. Nc5 Qc7 18. h4 Be8 19. Rd3 Rac8 20. Rfd1 b6 21. Ne4 h6 22. a3 c5 23. dxc5 Rxd3 24. Qxd3 Qxe5 25. Qa6 Qb8 26. Nd6 Rd8 27. b4 Bxd6 28. cxd6 Rxd6 29. Rxd6 Qxd6 30. Qxa7 Kf8 31. Bf3 g5 32. hxg5 hxg5 33. Kg2 Bd7 34. a4 Bc6 35. Bxc6 Qxc6+ 36. Kg1 Kg7 37. a5 bxa5 38. bxa5 Qc1+ 39. Kh2 Qd2 40. Qb6 g4 41. a6 Qd5 42. a7 Qf3 43. Qd4+ Kg6 44. Kg1 f5 45. Qd8 f4 1-0